"XOXO" von Casper Songtitel - Statistiken

Allgemein
  • Dieses Quiz wurde 3 mal gespielt
  • Das Durchschnittsergebnis liegt bei 5 aus 13
Antwortstatistiken
Hint Antwort % Korrekt
5. Michael x
100%
4. XOXO
100%
1. Der Druck steigt (Die vergessenen Pt. 1)
67%
6. Alaska
33%
3. Auf und davon
33%
2. Blut sehen (Die vergessenen Pt. 2)
33%
7. Das Grizzly Lied
33%
9. Die letzte Gang der Stadt
33%
13. Kontrolle/Schlaf
33%
8. So Perfekt
33%
10. 230409
0%
12. Arlen Griffey (Prelude)
0%
11. Liliablau
0%
Keine übereinstimmenden Quizze gefunden
Verteilung der Resultate
Anzahl Personen mit jedem Resultat
Perzentil nach korrekt beantworteten Fragen
Ihre Resultats-Entwicklung
Sie haben dieses Quiz noch nicht gespielt